000 00470cam a22001577a 4500
008 180718b1980 xxu||||| |||| 00| 0 eng d
082 _aC41 P764
245 _aHuman rights: cultural and ideological perspectives
_cedited by Adamantia Pollis and Peter Schwab
260 _aNew York
_bPraeger
_c1980
300 _a165p.
650 _aHuman rights
650 _aComparative government
650 _aCivil rights
700 _aSchwab, Peter
700 _aPollis, Adamantia
999 _c351367
_d351367